|
|
|
|
| LEADER |
00000naa2a2200000 4500 |
| 001 |
183470 |
| 005 |
20260113114906.0 |
| 035 |
|
|
|a (RuTPU)RU\TPU\book\198883
|
| 090 |
|
|
|a 183470
|
| 100 |
|
|
|a 20100722d2004 k y0rusy50 ca
|
| 101 |
0 |
|
|a rus
|
| 102 |
|
|
|a RU
|
| 200 |
1 |
|
|a О некоторых особенностях рассеяния излучения из области интерференции
|f Д. Г. Чернов, А. В. Власов, В. С. Серебренников
|
| 320 |
|
|
|a Библиогр.: 9 назв.
|
| 461 |
|
1 |
|0 (RuTPU)RU\TPU\book\66154
|t Современные техника и технологии
|o X Юбилейная международная научно-практическая конференция студентов, аспирантов и молодых ученых, посвященная 400-летию г. Томска, Томск, 29 марта - 2 апреля 2004 г.
|o труды
|f Томский политехнический университет
|d 2004
|
| 463 |
|
1 |
|0 (RuTPU)RU\TPU\book\65883
|t Т. 2
|v С. 348-349
|d 2004
|
| 610 |
1 |
|
|a излучения
|
| 610 |
1 |
|
|a рассеяние
|
| 610 |
1 |
|
|a интерференция
|
| 610 |
1 |
|
|a голографическая интерферометрия
|
| 610 |
1 |
|
|a формулы
|
| 610 |
1 |
|
|a уравнения
|
| 610 |
1 |
|
|a дисперсные частицы
|
| 610 |
1 |
|
|a труды учёных ТПУ
|
| 700 |
|
1 |
|a Чернов
|b Д. Г.
|
| 701 |
|
1 |
|a Власов
|b А. В.
|c российский учёный в области технической физики
|c инженер-проектировщик Томского политехнического университета
|g Алексей Викторович
|3 (RuTPU)RU\TPU\pers\26574
|
| 701 |
|
1 |
|a Серебренников
|b В. С.
|
| 801 |
|
1 |
|a RU
|b 63413507
|c 20100722
|
| 801 |
|
2 |
|a RU
|b 63413507
|c 20140329
|g RCR
|
| 942 |
|
|
|c BK
|